| 000 | 00852nas a2200265 4500 | ||
|---|---|---|---|
| 001 | BR0204778 | ||
| 003 | BR-BrBNA | ||
| 005 | 20231205103245.0 | ||
| 007 | ta | ||
| 008 | 230509b bl.|||p| |||| 00| 00por d | ||
| 040 |
_aBR-BrBNA _bpor _cBiblioteca Nacional de Agricultura |
||
| 041 | _a(Pt) | ||
| 072 | _aF01; H60 | ||
| 100 | 1 | _aKozlowski, L.A. | |
| 245 | 1 | _aAplicação seqüencial de herbicidas de manejo na implantação da cultura do feijoeiro-comum em sistema de plantio direto | |
| 650 | _aFEIJÃO | ||
| 650 | _aERVA DANINHA | ||
| 650 | _aHERBICIDA | ||
| 650 | _aPÓS-EMERGÊNCIA | ||
| 650 | _aCONTROLE QUÍMICO | ||
| 650 | _aPLANTIO DIRETO | ||
| 773 | 0 |
_tRevista Brasileira de Herbicidas (Brazil) _xISSN 1517-9443 _g(Jan-Aug 2001), v. 2(1-2) p. 49-56 _wBR0204778 |
|
| 909 |
_a202311 _bLúcia _c55 _dLúcia Elande |
||
| 942 |
_2AGRIS _n0 _cANA |
||
| 999 |
_c171925 _d171925 |
||